| 000 | 00552nam a2200181Ia 4500 | ||
|---|---|---|---|
| 003 | IN-BaIIA | ||
| 008 | 211028s9999 xx 000 0 eng d | ||
| 040 | _cIIA Library | ||
| 080 |
_a5.007 _bDPD |
||
| 110 |
_aDirector Publications Division _917021 |
||
| 245 | 0 |
_aScientists _cDirector Publications Division |
|
| 260 |
_aNew Delhi _bDirector Publication Division _c1981 |
||
| 300 | _avi, 108p. | ||
| 490 | _aCultural Leaders of India | ||
| 650 |
_aBiography _91224 |
||
| 650 |
_aScientist-biography _917022 |
||
| 942 | _cBK | ||
| 999 |
_c10054 _d10054 |
||